Statistics for Nebraska General Knowledge

Click here to take the quiz!

General Stats

  • This quiz has been taken 99 times
  • The average score is 7 of 15

Answer Stats

HintAnswer% Correct
Largest city in Nebraska, known for its pioneer historyOmaha
100%
Capital and 2nd largest city in NebraskaLincoln
98%
38th U.S. president born in OmahaGerald R. Ford
85%
Billionaire and CEO born and currently living in OmahaWarren Buffett
79%
More popular state nickname: ___________ StateCornhusker
77%
A major suburb of above city, 3rd largest city in NEBellevue
68%
Replica of England's Stonehenge, located in AllianceCarhenge
55%
City in central Nebraska, known for its railroad historyGrand Island
53%
National scenic river, state park, and small townNiobrara
28%
Historic neighborhood located in downtown OmahaOld Market
26%
Less popular state nickname: ____ StateBeef
19%
Large fashion retailer company HQed in KearneyBuckle
17%
State historic park known for its rare fossil sitesAshfall Fossil Beds
13%
Historical place museum and mansion in OmahaJoslyn Castle
9%
State Park, public recreation, Historic preservation areaIndian Cave
0%

Score Distribution

Percentile by Number Answered

Percent of People with Each Score

Your Score History

You have not taken this quiz